000 00249nam a22001097a 4500
008 170126b xxu||||| |||| 00| 0 eng d
020 _a9780801850363
041 _aeng
080 _a61
245 _aWRONG MEDICINE
_cSCHNEIDERMAN, L.J
942 _2udc
_cBK
999 _c3736
_d3736